01002cam a2200253 a 450000100100000000500170001000800410002702000150006804000250008308200180010810000370012624501390016326000320030230000330033449000290036765000290039665000310042570000400045670000470049683000370054391000320058095201210061299900150073300000309320200929150328.0730111s1998 sp a 001 p spa  a843761631X aDO-SdBNPbspacBNPHU a861.64bC289d1 aCarnero, Guillermo,d1947-9976210aDibujo de la muerte :bobra poética /cGuillermo Carnero ; edición de Ignacio Javier López ; ilustración de Antonio de Pereda. aMadrid :bCátedra,c1998. a322, [3] p. :bil. ;c18 cm.1 aLetras hispánicasv444 4aPoesía española9631 4aLiteratura española96321 aLópez, Ignacio Javier,eed.997631 aPereda, antonio de,d1611-1678,eil.99764 0aLetras hispánicas ;v44494208 aCatalogación derivadabWM 001052708MOaGRbGRcHDd2009-07-07iLF1l0o861.64 C289dp3093-10r2020-06-25w2020-06-25y2ZPréstamo interno c2924d2924